00426nam a2200169Ia 4500008004100000041001200041082000800053082001100061100002100072100001100093245004300104260003600147260000900183300001500192365002500207650002400232150909s9999 xx 000 0 und d aEnglish a660 bSRI/FU aSrinivasan P.R  eAuthor aFuel efficiency in Industrial practice bAsian Productivity Organization c1979 a288 Pages aRs.96  aChemical technology